000 01142nam a2200325 i 4500
003 DO-SdBNP
005 20260321073645.0
007 ta
008 231023e1988 199||||| |||| 00| e spa d
040 _aDO-SdBNP
_bspa
_cBNPHU
_erda
041 _hspa
082 4 _a972.93
_bD554d, 1998
_222
100 1 _a Bosch, Juan,
_d1909-2001
_eautor
_4aut.
_976555
245 1 4 _aLas dictaduras dominicanas /
_cJuan Bosch.
250 _aCuarta edición
264 4 _aSanto Domingo :
_bEditora Alfa & Omega,
_c1998
300 _a207 páginas ;
_c20 cm.
336 _atexto
_btxt
_2rdacontent
337 _asin mediación
_bn
_2rdamedia
338 _avolumen
_bnc
_2rdacarreir
590 _aInventariado 2023 / MF
600 1 4 _a Heureaux, Ulises,
_d1845-1899
_9598
600 1 4 _aTrujillo Molina, Rafael Leónidas,
_d 1891-1961
650 4 _aPresidentes
_zRepública Dominicana
_9599
650 4 _aDictadores
_zRepública Dominicana
_9601
650 4 _aRepública Dominicana
_xHistoria
_9416
651 0 _aRepública Dominicana
_xHistoria
_yEra de Trujillo, 1930-1961
_978796
651 0 _aRepública Dominicana
_xPolítica y gobierno
_945
942 _2ddc
_cLBS1
999 _c55246
_d55246